| 000 | 00549nam a2200181 i 4500 | ||
|---|---|---|---|
| 001 | 72014 | ||
| 003 | ES-MaACL | ||
| 005 | 20250822031117.0 | ||
| 007 | t| | ||
| 008 | 040823s1972 sp ||||1| spa d | ||
| 100 | 1 |
_aGil de Fagoaga, Lucio. _956794 |
|
| 245 | 1 | 0 |
_aNotas de psicología para educadores / _cLucio Gil de Fagoaga. |
| 260 |
_aMadrid : _bEscuela Española, _c[1972] |
||
| 300 |
_a313 p. ; _c21 cm. |
||
| 650 | 0 | 7 |
_aPsicología de la educación _2embne _916558 |
| 852 |
_aES-MaACL _jC-47972 _bR.82601 |
||
| 999 |
_c72014 _d72014 |
||